<?xml version="1.0" encoding="UTF-8"?>
<record
    xmlns:xsi="http://www.w3.org/2001/XMLSchema-instance"
    xsi:schemaLocation="http://www.loc.gov/MARC21/slim http://www.loc.gov/standards/marcxml/schema/MARC21slim.xsd"
    xmlns="http://www.loc.gov/MARC21/slim">

  <leader>02626nam a22002537a 4500</leader>
  <controlfield tag="003">OSt</controlfield>
  <controlfield tag="005">20250904103912.0</controlfield>
  <controlfield tag="008">250904t2008    ag  ||||r|||| 100 0 spa d</controlfield>
  <datafield tag="020" ind1=" " ind2=" ">
    <subfield code="a">978-987-1304-16-5</subfield>
  </datafield>
  <datafield tag="040" ind1=" " ind2=" ">
    <subfield code="c">Besoc</subfield>
  </datafield>
  <datafield tag="080" ind1=" " ind2=" ">
    <subfield code="0">910.4(82)(091)</subfield>
  </datafield>
  <datafield tag="245" ind1="0" ind2="0">
    <subfield code="a">Derroteros del viaje en la cultura :</subfield>
    <subfield code="b">mito, historia y discurso /</subfield>
    <subfield code="c">Sandra Fern&#xE1;ndez, Patricio Geli y Margarita pierini, editores.</subfield>
  </datafield>
  <datafield tag="250" ind1=" " ind2=" ">
    <subfield code="a">1a ed.</subfield>
  </datafield>
  <datafield tag="260" ind1=" " ind2=" ">
    <subfield code="a">Rosario :</subfield>
    <subfield code="b">Prohistoria Ediciones,</subfield>
    <subfield code="c">2008.</subfield>
  </datafield>
  <datafield tag="300" ind1=" " ind2=" ">
    <subfield code="a">361 p. ;</subfield>
    <subfield code="c">23 cm.</subfield>
  </datafield>
  <datafield tag="490" ind1="0" ind2=" ">
    <subfield code="a">Colecci&#xF3;n Actas</subfield>
    <subfield code="v">6</subfield>
  </datafield>
  <datafield tag="505" ind1="0" ind2="0">
    <subfield code="t">Introducci&#xF3;n /</subfield>
    <subfield code="r">Sandra fern&#xE1;ndez, Patricio Geli y Margarita Pierini --</subfield>
    <subfield code="t">Sobre fuentes hist&#xF3;ricas y relatos de viajes /</subfield>
    <subfield code="r">Alejandro De Oto y Jimena Rodr&#xED;guez --</subfield>
    <subfield code="t">La literatura de viajes en perspectiva, una comprensi&#xF3;n del mundo /</subfield>
    <subfield code="r">Sandra Fern&#xE1;ndez y Fernando Navarro --</subfield>
    <subfield code="t">Relatos de viajes como intertextos : aportes a una escrtitura con c&#xF3;digos in&#xE9;ditos a la formaci&#xF3;n de la novela moderna y al discurso posmoderno de la disoluci&#xF3;n del sujeto /</subfield>
    <subfield code="r">Sof&#xED;a M. Carrizo Rueda --</subfield>
    <subfield code="t">Los vol&#xFA;menes del tr&#xE1;nsito : antiguos y modernos en el camino del pensar /</subfield>
    <subfield code="r">Carina Mengo --</subfield>
    <subfield code="t">Las m&#xE1;scaras del movimiento : hacia una moral del viaje o itinerarios por la inmensidad &#xED;ntima /</subfield>
    <subfield code="r">Christian Kupchik --</subfield>
    <subfield code="t">El pensamiento ut&#xF3;pico y la met&#xE1;fora de viaje en la literatura griega cl&#xE1;sica /</subfield>
    <subfield code="r">A. M. Gonz&#xE1;lez de Tobia --</subfield>
    <subfield code="t">Caminos peligrosos : el didactismo del episodio de D&#xE9;dalo e &#xCD;caro /</subfield>
    <subfield code="r">Gustavo Daujotas --</subfield>
    <subfield code="t">El viaje a Beocia que Cal&#xED;maco so&#xF1;&#xF3; : el poeta y las Musas en el monte helic&#xF3;n : comentario sobre el fr. 2 de los Aitia /</subfield>
    <subfield code="r">Daniela Ant&#xFA;nez --</subfield>
    <subfield code="t">El crucero del amor : pasi&#xF3;n, viaje y escritura en la did&#xE1;ctica er&#xF3;tica de Ovidio /</subfield>
    <subfield code="r">Alicia Schniebs --</subfield>
    <subfield code="t">Los caminos del desierto : extranjer&#xED;a y anakh&#xF4;resis en el monaquismo antiguo /</subfield>
    <subfield code="r">Flavia Dezzutto --</subfield>
    <subfield code="t">Viajes occidentales : cr&#xED;tica ilustrada y literatura oriental en Francia, Inglaterra y Espa&#xF1;a (1721-1789) /</subfield>
    <subfield code="r">Rolegio C. Paredes --</subfield>
    <subfield code="t">Im&#xE1;genes de una frontera en el coraz&#xF3;n de Am&#xE9;rica del Sur /</subfield>
    <subfield code="r">Nidia R. Areces --</subfield>
    <subfield code="t">Am&#xE9;rica a trav&#xE9;s de sus viajes /</subfield>
    <subfield code="r">Andrea Reguera --</subfield>
    <subfield code="t">Miguel Can&#xE9; y Paul Groussac tras las huellas de los viajes de Sarmiento /</subfield>
    <subfield code="r">Paula Bruno --</subfield>
    <subfield code="t">Viajeros europeos en el Buenos Aires del Centenario /</subfield>
    <subfield code="r">Margarita Pierini --</subfield>
    <subfield code="t">Un viaje por las tinieblas : de Joseph Conrad a Francis Ford Coppola /</subfield>
    <subfield code="r">Lilian Diodati.</subfield>
  </datafield>
  <datafield tag="650" ind1=" " ind2="4">
    <subfield code="a">Argentina</subfield>
    <subfield code="x">Historia</subfield>
    <subfield code="y">Siglo XVIII</subfield>
    <subfield code="y">Siglo XIX</subfield>
  </datafield>
  <datafield tag="650" ind1=" " ind2="4">
    <subfield code="a">Viajes</subfield>
    <subfield code="x">Historia</subfield>
  </datafield>
  <datafield tag="700" ind1="1" ind2=" ">
    <subfield code="a">Fern&#xE1;ndez Vales , Sandra Mar&#xED;a,</subfield>
    <subfield code="e">editor</subfield>
  </datafield>
  <datafield tag="700" ind1="1" ind2=" ">
    <subfield code="a">Geli, Patricio Andr&#xE9;s,</subfield>
    <subfield code="d">1959-</subfield>
    <subfield code="e">editor</subfield>
  </datafield>
  <datafield tag="700" ind1="1" ind2=" ">
    <subfield code="a">Pierini, Margarita,</subfield>
    <subfield code="d">1947-</subfield>
    <subfield code="e">editor</subfield>
  </datafield>
  <datafield tag="942" ind1=" " ind2=" ">
    <subfield code="2">udc</subfield>
    <subfield code="c">LPD</subfield>
    <subfield code="n">0</subfield>
  </datafield>
  <datafield tag="999" ind1=" " ind2=" ">
    <subfield code="c">573</subfield>
    <subfield code="d">573</subfield>
  </datafield>
  <datafield tag="952" ind1=" " ind2=" ">
    <subfield code="0">0</subfield>
    <subfield code="1">0</subfield>
    <subfield code="2">udc</subfield>
    <subfield code="4">0</subfield>
    <subfield code="7">0</subfield>
    <subfield code="8">CG</subfield>
    <subfield code="a">ESOCIALES</subfield>
    <subfield code="b">ESOCIALES</subfield>
    <subfield code="d">2025-07-25</subfield>
    <subfield code="l">0</subfield>
    <subfield code="p">000421</subfield>
    <subfield code="r">2025-07-25 14:10:16</subfield>
    <subfield code="w">2025-07-25</subfield>
    <subfield code="y">OG</subfield>
  </datafield>
</record>
